Educating for responsibility ; the Dalton Laboratory Plan in a secondary school /

Bibliographic Details
Corporate Author: Philadelphia. South Philadelphia High School for Girls
Format: Book
Language:English
Published: New York : Macmillan, 1926.
Subjects:

MARC

Tag First Indicator Second Indicator Subfields
LEADER 00000cam a2200000 4500
001 in00000054679
005 20151008052101.0
008 751021s1926 nyu b 00000 eng
010 |a  26014215  
035 |a (OCoLC)01722467 
035 |9 AAH1587AM 
040 |a DLC  |c IRU  |d IRU  |d TXA  |d UtOrBLW 
049 |a TXAM  |c [360884] 
050 0 0 |a LB1029.L3  |b P5 
092 |a 373  |b P544e, 1926 
110 1 |a Philadelphia.  |b South Philadelphia High School for Girls. 
245 1 0 |a Educating for responsibility ;  |b the Dalton Laboratory Plan in a secondary school /  |c by members of the faculty of the South Philadelphia High School for Girls ... 
264 1 |a New York :  |b Macmillan,  |c 1926. 
300 |a xvii, 310 pages :  |b illustrations ;  |c 19 cm. 
336 |a text  |b txt  |2 rdacontent 
337 |a unmediated  |b n  |2 rdamedia 
338 |a volume  |b nc  |2 rdacarrier 
504 |a "Bibliography of the Dalton Plan": pages 151-157. 
650 0 |a Dalton laboratory plan. 
650 0 |a Education, Secondary. 
999 |a MARS 
999 f f |s 7c079931-948c-3751-9d6a-22f27600d617  |i afcd204e-77a5-3761-9024-d47c81c8d686  |t 0 
952 f f |p normal  |a Texas A&M University  |b College Station  |c Sterling C. Evans Library  |d Evans: Library Stacks  |t 0  |e LB1029.L3 P5  |h Library of Congress classification  |i unmediated -- volume  |m A14800855143 
998 f f |a LB1029.L3 P5  |t 0  |l Evans: Library Stacks